00883cam a2200265 a 450000100090000000300040000900500170001300800410003001000170007102000250008804000180011304200080013104300120013905000210015108200190017224501240019125000200031526000430033530000590037850400510043765000250048865100410051370000160055470000470057017447636OSt20150408114221.0120830s2012 nyuab b 001 0 eng  a 2012034466 a9780393918854 (pbk.) aDLCcDLCdDLC apcc an-us---00aPS507b.N65 201300a810.8223bNOA04aThe Norton anthology of American literature /cNina Baym, general editor ; Robert S. Levine, associate general editor. aShorter 8th ed. aNew York :bW.W. Norton & Co.,cc2013. axxxviii, 2857 [83] p. :bcol. ill., col. map ;c24 cm. aIncludes bibliographical references and index. 0aAmerican literature. 0aUnited StatesvLiterary collections.1 aBaym, Nina.1 aLevine, Robert S.q(Robert Steven),d1953-